| 000 | 01203nam a2200265Ia 4500 | ||
|---|---|---|---|
| 999 |
_c52855 _d52855 |
||
| 001 | 19885 | ||
| 003 | GE_BSU | ||
| 005 | 20200423235950.0 | ||
| 008 | 181216s1974||||ge |||||||||||||| ||geo|| | ||
| 040 | _cGE_BSU | ||
| 041 | _ageo | ||
| 080 | _a811.353.1-26 + 008(479.22) ძ-63 | ||
| 245 |
_aლიტერატურულ - ენათმეცნიერული ნარკვევები / _cშ. ძიძიგური ; რედ. ე. ქარელიშვილი. |
||
| 250 | _aმე-2 გამოც. | ||
| 264 |
_aთბილისი : _bმერანი, _c1974. |
||
| 300 |
_a573 გვ. ; _c 21 სმ. |
||
| 541 | _h4ლ.58თ. | ||
| 653 | _aლიტერატურულ - ენათმეცნიერული ნარკვევები | ||
| 653 | _aმწერლის ენა | ||
| 653 | _aქართული ენა | ||
| 653 | _aქართული ენის თავგადასავლი | ||
| 653 | _aქართული ენისა და კულტურის მკვლევარნი | ||
| 700 |
_aქარელიშვილი, ე. _eრედაქტორი _96259 |
||
| 942 |
_cBK _2udc |
||